2026 Chicago Cubs Player by Birth Place - Statistics

General Stats
  • This quiz has been taken 15 times
  • The average score is 13 of 20
Answer Stats
Player State/Country % Correct
Jacob Webb California
92%
Scott Kingery Arizona
75%
Jameson Taillon Florida
75%
Dansby Swanson Georgia
75%
Phil Maton Illinois
75%
Shota Imanaga Japan
75%
Javier Assad Mexico
75%
Hoby Milner Texas
75%
Matthew Boyd Washington
75%
Ben Brown New York
67%
Colin Rea Iowa
58%
Matt Shaw Massachusetts
58%
Cade Horton Oklahoma
58%
Ian Happ Pennsylvania
58%
Daniel Palencia Venezuela
58%
Edward Cabrera Dominican Republic
50%
Caleb Thielbar Minnesota
50%
Miguel Amaya Panama
50%
Hunter Harvey North Carolina
42%
Alex Bregman New Mexico
33%
No matching quizzes found
Score Distribution
Percent of People with Each Score
Percentile by Number Answered
Your Score History
You have not taken this quiz